00823nam a2200181Ia 4500008004100000020001700041041001200058082001100070100001600081245007100097260003500168300000800203650001400211942000700225999001500232952019700247952019700444221030s9999 xx 000 0 und d a978813171107 aEnglish a105.23 aM. S. Singh 0aAdvanced Organic Chemistry - Reactions & Mechanismcby M. S. Singh bPearson EdcuationaDelhic2008 a513 aChemistry cBK c8962d8962 pBE 10621g399.00i167l0o105.23 eDurga Books, Amritsarr2024-06-13 00:00:00w2022-10-30yBK003Print4071aMIETLIBbMIETLIBcBL-Academic Block B, FL-1, CUP-59, SH-2, R-2d2010-03-1110HBE pBE 10622g399.00i167l0o105.23 eDurga Books, Amritsarr2024-06-13 00:00:00w2022-10-30yBK003Print4070aMIETLIBbMIETLIBcBL-Academic Block C, FL-2, CUP-88, SH-1, R-1d2010-03-1110HBE